| 000 | 00775cam a2200217 i 4500 | ||
|---|---|---|---|
| 001 | 19416974 | ||
| 005 | 20241025163735.0 | ||
| 008 | 161223s2017 enk b 001 0 eng | ||
| 020 | _a9780414056237 (hbk) | ||
| 050 | 0 | 0 |
_aKD2100 _b.H65 2017 |
| 100 | 1 |
_aHollington, Robin, _eauthor. |
|
| 245 | 1 | 0 |
_aHollington on shareholders' rights / _cRobin Hollington, Q.C., M.A. (Oxon.), LL.M. (Penn.), Bencher of Lincoln's Inn. |
| 250 | _aEighth edition. | ||
| 260 |
_aLondon _bSweet & Maxwell _c2017 |
||
| 300 |
_ali, 406 pages ; _c24 cm _bIndex |
||
| 650 | 0 |
_aStockholders _xLegal status, laws, etc. _zEngland. |
|
| 650 | 0 |
_aStockholders' derivative actions _zEngland. |
|
| 650 | 0 |
_aRemedies (Law) _zEngland. |
|
| 700 | 1 |
_aHollington, Robin. _tShareholders' rights. |
|
| 942 |
_2lcc _cBK _n0 |
||
| 999 |
_c208 _d208 |
||